1025 1011 1839 1745 1369 1042 1972 1601 1527 1030 1861 1985 1084 1864 1111 1742 1541 1100 1800 1502 1357 1220 1704 1668 1075 1075 1600 1108 1462 1337 1804 1712 1831 1726 1657 1798 1772 1343 1840 1707 1710 1851 1843 1994 1931 1879 1409 1079 1402 1871 1032 1073 1687 1280 1428 1442 1770 1447 1251 1918 1772 1917 1387 1421 1801 1848 1960 1638 1337 1174 1906 1903 1909 1287 1791 1342 1000 1743 1254 1176 1455 1889 1946 1061 1444 1048 1852 1024 1300 1921 1516 1653 1521 1905 1559 1830 1105 1428 1244 BCNSPRNW ULIB Ver.6.0+V

เปลี่ยนเป็นภาษาไทย

Change to English
 แสดงรายละเอียดบรรณานุกรม
  กลับหน้าหลัก

Brief Record : Get Marc (ISO 2709) : E-mail record : QR code < ปิดหน้าต่าง
LEADER : 00000nam 2200000uu 4500
001    13399109289
003     ULIB
008    110327s2549||||th 000 0 tha d
020    9749477782
060 04 WM55^bอ332ก 2549
100 0  อรพรรณ ลือบุญธวัชชัย
245 10 การให้คำปรึกษาทางสุขภาพ /^cอรพรรณ ลือบุญธวัชชัย
250    พิมพ์ครั้งที่ 1
260    กรุงเทพฯ :^bธนาเพรส,^c2549
300    186 หน้า ;^c26 ซม.
650  7 ผู้ป่วย^xการให้คำปรึกษา
650  7 การแนะแนวสุขภาพ
650  7 การให้คำปรึกษาครอบครัว
945    ^p165^l0^i020510
945    ^p165^l0^i021542
945    ^p165^l0^i021541
945    ^p165^l0^i021540
945    ^p165^l0^i020509
995    ทศพร
999 ^a ใช้งานได้ทุกระบบ
รายการนี้ยังไม่มีแท็ก
คุณยังไม่ได้ล็อกอิน คุณสามารถมีกิจกรรมร่วมกับเว็บไซต์ได้ แต่ต้องล็อกอินก่อน ::
  ล็อกอิน

รายการสื่อสารสนเทศ

ลำดับที่ ประเภท เลขเรียก/บาร์โค้ด สถานที่ สถานะ
- ไม่พบข้อมูล -

รายการใกล้เคียง
    ผู้แต่ง [อรพรรณ ลือบุญธวัชชัย]

    หัวเรื่อง [การแนะแนวสุขภาพ]
    หัวเรื่อง [การให้คำปรึกษาครอบครัว]

BibComment


ยังไม่เคยถูกคอมเมนท์

คอมเมนท์ทรัพยากรรายการนี้
  คอมเมนท์: การให้คำปรึกษาทาง..


 Copyright 2026. Bcnsprnw @Library